| 000 | 00760cam a2200253 a 4500 | ||
|---|---|---|---|
| 020 |
_a0393962873 _a(v. 1) |
||
| 020 |
_a9780393962871 _a(v. 1) |
||
| 020 |
_a0393962881 _a(v. 1 : pbk.) |
||
| 020 |
_a9780393962888 _a(v. 1 : pbk.) |
||
| 020 |
_a039396289X _a(v. 2) |
||
| 020 |
_a9780393962895 _a(v. 2) |
||
| 020 |
_a0393962903 _a(v. 2 : pbk.) |
||
| 020 |
_a9780393962901 _a(v. 2 : pbk.) |
||
| 040 | _cDLC | ||
| 082 | _a820 NOR 1993 A094 Or. | ||
| 245 | 0 | 4 | _aThe Norton anthology of English literature / |
| 250 | _a6th ed. | ||
| 260 |
_aNew York : _bNorton, _c℗♭1993- |
||
| 300 |
_avolumes <1> ; _c25 cm + _e2 audio discs (digital ; 4 3/4 in.) |
||
| 500 | _aIncludes index. | ||
| 650 | 0 | _aEnglish literature. | |
| 700 | 1 | _aAbrams, M. H. | |
| 942 | _cEK | ||
| 999 |
_c13834 _d13834 |
||